Computer For Everyone (Record no. 10373)

MARC details
000 -LEADER
fixed length control field 00198nam a2200097 4500
082 ## - DEWEY DECIMAL CLASSIFICATION NUMBER
Classification number 004GAG
100 ## - MAIN ENTRY--AUTHOR NAME
Personal name Gaggi
245 ## - TITLE STATEMENT
Title Computer For Everyone
260 ## - PUBLICATION, DISTRIBUTION, ETC. (IMPRINT)
Place of publication New Delhi:
Name of publisher McGraw-Hill,
942 ## - ADDED ENTRY ELEMENTS (KOHA)
Koha item type Books
Holdings
Withdrawn status Lost status Home library Current library Date acquired Cost, normal purchase price Full call number Accession Number Koha item type
    Central Library, QUEST, Nawabshah Central Library, QUEST, Nawabshah 25/09/2014 50.00 004GAG 14440 Books